Úrokové diferenciály a zadlužení v eurozóně
Vplyv rozdielnych reálnych úrokových mier v jednotlivých krajinách eurozóny na rast celkového dlhu v týchto krajinách. Inflačné a úrokové diferenciály v Európskej menovej únii. Vysvetlenie vývoja dlhu, hypotéza poklesu úspor a rastu investícií. Portfóliový model rastu dlhov. Možné rozširovanie a imp...
Saved in:
| Main Author: | |
|---|---|
| Format: | Book Chapter |
| Language: | Czech |
| Subjects: | |
| Tags: |
No Tags, Be the first to tag this record!
|
MARC
| LEADER | 00000naa$a2200000$$$4500 | ||
|---|---|---|---|
| 001 | 0052037 | ||
| 005 | 20231019130822.4 | ||
| 041 | 0 | |a cze | |
| 044 | |a CZ | ||
| 245 | 1 | 0 | |a Úrokové diferenciály a zadlužení v eurozóně |c Jan Kubíček |
| 520 | |a Vplyv rozdielnych reálnych úrokových mier v jednotlivých krajinách eurozóny na rast celkového dlhu v týchto krajinách. Inflačné a úrokové diferenciály v Európskej menovej únii. Vysvetlenie vývoja dlhu, hypotéza poklesu úspor a rastu investícií. Portfóliový model rastu dlhov. Možné rozširovanie a implikácia portfóliového modelu dlhov. | ||
| 610 | 2 | 0 | |a eurozóna |
| 610 | 2 | 0 | |a úrok |
| 610 | 2 | 0 | |a inflácia |
| 610 | 2 | 0 | |a investície |
| 610 | 2 | 0 | |a úspory |
| 610 | 2 | 0 | |a dlhy |
| 610 | 2 | 0 | |a riziko |
| 610 | 2 | 0 | |a portfólio |
| 100 | 1 | |a Kubíček, Jan | |